[Event "Charity Cup MCCT Prel 2022"]
[Site "Online"]
[Date "2022.03.15"]
[Round "11.2"]
[White "Praggnanandhaa R"]
[Black "Rapport, Richard"]
[Result "1/2-1/2"]
[WhiteElo "2612"]
[BlackElo "2762"]
[Annotator "TA"]
[PlyCount "78"]
[EventDate "2022.03.18"]
[EventType "tourn"]
[EventCountry "NET"]
[SourceTitle "playchess.com"]
[Source "ChessBase"]
[SourceQuality "1"]

{[%evp 9,78,21,27,14,33,22,25,13,9,7,28,9,13,0,1,0,8,0,0,0,23,20,16,0,0,0,22,20,21,18,18,20,35,36,42,2,17,0,0,0,0,-2,-2,-16,-11,-16,-19,-18,0,0,0,0,0,0,0,0,6,0,0,0,0,0,0,0,0,0,0,0,0,0,0]} 1. d4 c6 2. Nf3 Nf6 3. c4 b5 4. e3 bxc4 5. Bxc4 e6 6. O-O {A50: Queen's Fianchetto Defence (1 d4 Nf6 2 c4 b6).} Be7 7. Nc3 O-O 8. Qe2 {White has an edge.} d5 9. Bd3 {[#]} a5 $146 ({Predecessor:} 9... c5 10. dxc5 Bxc5 11. e4 dxe4 12. Nxe4 Nbd7 13. Bg5 Qe7 14. Nxf6+ Nxf6 15. Bxf6 gxf6 {½-½ (41) Lacrosse,M (2227)-Claesen,J (2093) Ghent 1989}) 10. e4 Ba6 11. Bxa6 Rxa6 12. Bf4 {[#] And now Bxb8 would win.} Rb6 13. exd5 Nxd5 14. Bg3 Nd7 15. Rac1 Nxc3 16. bxc3 c5 17. Rfd1 {Black must now prevent dxc5.} cxd4 18. cxd4 {Strongly threatening Bc7.} Bd6 {Inhibits Bc7.} 19. d5 Bxg3 20. hxg3 Nf6 21. dxe6 Rxe6 22. Qb5 (22. Rxd8 $5 {[%cal Rc1c8]} Rxe2 23. Rcc8 Rxd8 24. Rxd8+ Re8 25. Rxe8+ Nxe8 26. Kf1 $11) 22... Qa8 {The position is equal.} 23. Rc7 h6 24. Rdc1 Rd8 25. Rb7 Red6 {Hoping for ...Rd1+.} 26. Re7 ({Don't blunder} 26. Qb3 $2 {[#]} Qxb7 $3 {[%mdl 512]} 27. Qxb7 Rd1+ 28. Kh2 (28. Rxd1 {leads to mate.} Rxd1+ 29. Kh2 Ng4+ 30. Kh3 Nxf2+ 31. Kh4 Rh1+) 28... Ng4+ 29. Kh3 Nxf2+ 30. Kh4 Rxc1 $19) 26... Rd1+ 27. Re1 {[%cal Be7e1,Be1c1,Bc1c2][%mdl 32]} Rxc1 28. Rxc1 Qd5 29. Qxd5 Rxd5 $11 {[%mdl 4096] Endgame KRN-KRN} 30. Kf1 Rd3 31. Rc2 Ne4 32. Ne5 Rd5 33. Nc4 h5 34. Ne3 Rd3 {[%cal Oe4g3]} 35. Nc4 a4 36. Nb2 Ra3 37. Nc4 Rd3 38. Nb2 Ra3 39. Nc4 Rd3 {Weighted Error Value: White=0.04 (flawless) /Black=0.04 (flawless)} 1/2-1/2

[Event "Charity Cup MCCT Prel 2022"]
[Site "Online"]
[Date "2022.03.15"]
[Round "11.3"]
[White "Van Foreest, Jorden"]
[Black "Navara, David"]
[Result "1-0"]
[WhiteElo "2702"]
[BlackElo "2700"]
[Annotator "TA"]
[PlyCount "99"]
[EventDate "2022.03.18"]
[EventType "tourn"]
[EventCountry "NET"]
[SourceTitle "playchess.com"]
[Source "ChessBase"]
[SourceQuality "1"]

{[%evp 11,99,0,0,-27,0,0,0,0,0,0,-3,-6,-12,-22,-26,-25,-20,-11,7,9,22,-36,0,-10,66,0,20,0,0,0,0,0,0,0,0,0,1188,1166,1222,924,1222,1222,1212,1177,1202,1218,1214,1167,1123,1101,1548,1548,1533,1506,1493,1485,1472,1472,1443,1415,937,1525,1426,1418,29950,29953,29952,29942,29954,29954,29957,29959,29957,29958,29968,866,29957,29951,29968,29974,29974,29965,29965,29962,29965,5081,29980,29981,29986,509]} 1. e4 e5 2. Nf3 Nc6 3. Bc4 Bc5 4. c3 {[%cal Bc2c3,Bc3d4,Bd4d5][%mdl 32]} Nf6 5. d4 exd4 6. cxd4 Bb4+ 7. Nbd2 {C54: Giuoco Piano: 4 c3 Nf6, main lines with 5 d4 and 5 d3.} Nxe4 (7... Bxd2+ $5 8. Bxd2 Nxe4 $11) 8. d5 Nxd2 9. Bxd2 {The position is equal.} Bxd2+ 10. Qxd2 (10. Nxd2 Qe7+ 11. Qe2 Qxe2+ 12. Kxe2 Ne5 $15) 10... Ne7 11. O-O-O $5 {[%mdl 4] A promising side line.} d6 12. h4 $1 O-O 13. h5 {[%cal Og2g4]} h6 14. Rdg1 c6 {[%cal Bc7c6,Bc6c5,Bc5c4][%mdl 32]} 15. g4 $1 {[#] Inhibits Bf5. White wants to play g5.} f6 $146 {Inhibits g5.} ({Don't play} 15... Nxd5 16. g5 (16. Bxd5 cxd5 17. Nd4 f6 $17) 16... hxg5 17. Rxg5 $16) ({Predecessor:} 15... cxd5 16. Bb3 f6 17. Bc2 Bd7 18. Qd3 Rc8 19. Kb1 Rxc2 20. Qxc2 Qc8 21. Nd4 Bxg4 22. Qxc8 Bxc8 {½-½ (29) Nielsen,A (2207)-Mannion,S (2271) Prague 2022}) 16. Nd4 (16. dxc6+ $11 d5 17. cxb7 Bxb7 18. Bb3) 16... c5 17. Ne2 Rb8 (17... Bd7 $11) 18. Bb3 {White is more active.} (18. Bd3 $1 $14) 18... b5 {[%cal Bb7b5,Bb5b4,Bb4b3][%mdl 32]} 19. Bc2 c4 {To avoid Qd3} 20. f4 {g5 is the strong threat.} b4 $1 {Hoping for ...Qa5.} 21. g5 {[%cal Bg4g5,Bg5h6,Bh6g7][%mdl 32] Strongly threatening gxh6.} b3 22. gxh6 bxc2 23. hxg7 {Chess con chili.} ({Not} 23. Rxg7+ $2 Kh8 24. Nc3 (24. Qxc2 $2 Bf5 $19) 24... Nf5 25. Qxc2 Qb6 $19) 23... Rf7 {[%mdl 8192] White leaves nothing to chance now.} (23... Re8 $11 24. h6 (24. Qxc2 $2 Bf5 $19) 24... Bf5 25. h7+ Bxh7) 24. h6 $18 {[%cal Rh6h7]} Bf5 {[#]} 25. h7+ $1 Bxh7 {[#]} 26. Rxh7 $1 {[%mdl 512]} Kxh7 27. Nd4 {White wants to mate with Qh2+.} Kg8 28. Qh2 {[%csl Gg7][%cal Rh2h8]} Rxg7 29. Rxg7+ Kxg7 30. Ne6+ Kf7 31. Qh5+ Kg8 32. Qg4+ Kf7 33. Nxd8+ Rxd8 {[%mdl 4096] Endgame KQ-KRN} 34. Qe6+ Ke8 35. Qxf6 Nxd5 36. Qe6+ Ne7 37. f5 {Threatening mate with f6.} Kf8 38. Qf6+ Ke8 39. Qg7 Nxf5 40. Qg6+ Kd7 41. Qxf5+ {KQ-KR} Kc6 42. Qa5 Rd7 43. Kxc2 (43. Qa4+ $142 Kc7 44. Qxa7+ Kd8 45. Qa8+ Ke7 46. Qe4+ Kd8 47. Qxc4 Re7 48. a4) 43... d5 44. Kc3 Kd6 45. Kd4 Ke6 46. Qe1+ Kd6 47. Qe5+ Kc6 48. Qb8 {White threatens Qc8+ and mate.} a5 49. Qc8+ Kd6 50. Qc5+ {Weighted Error Value: White=0.07 (flawless) /Black=0.28 (precise)} 1-0

[Event "Charity Cup MCCT Prel 2022"]
[Site "Online"]
[Date "2022.03.15"]
[Round "11.4"]
[White "Anton Guijarro, David"]
[Black "Carlsen, Magnus"]
[Result "1/2-1/2"]
[WhiteElo "2691"]
[BlackElo "2865"]
[Annotator "TA"]
[PlyCount "67"]
[EventDate "2022.03.18"]
[EventType "tourn"]
[EventCountry "NET"]
[SourceTitle "playchess.com"]
[Source "ChessBase"]
[SourceQuality "1"]

{[%evp 10,67,21,4,21,18,24,21,9,16,20,-4,0,0,0,0,11,5,14,16,31,16,21,13,16,17,33,32,43,17,34,27,21,27,22,43,37,17,77,63,70,70,72,56,58,62,118,102,106,88,112,98,125,120,122,0,39,0,128,0]} 1. Nf3 Nf6 2. d4 g6 3. Nbd2 d5 4. e3 Bg7 5. b4 O-O 6. c4 c6 {D02: 1 d4 d5 2 Nf3 sidelines, including 2...Nf6 3 g3 and 2...Nf6 3 Bf4.} 7. a4 Bg4 8. Be2 Ne4 {The position is equal.} 9. Bb2 Nxd2 10. Qxd2 Nd7 {[%cal Bb8d7,Bd7f6,Bf6e4][%mdl 32] [#]} 11. cxd5 $146 ({Predecessor:} 11. c5 Bxf3 12. Bxf3 e5 13. O-O exd4 14. exd4 Re8 15. b5 Nf6 16. Rfe1 Ne4 17. Bxe4 dxe4 {½-½ (30) Velikic,A (2308)-Horvat,D (2167) Belgrade 2021}) 11... cxd5 12. O-O Nf6 13. Rfc1 Ne4 14. Qd1 Rc8 15. h3 Bxf3 16. Bxf3 Qd7 17. b5 Rxc1 18. Rxc1 Rc8 {To avoid Qc2} 19. Rc2 e6 20. Bxe4 dxe4 21. Qc1 Rxc2 22. Qxc2 f5 23. Qc5 {Black must now prevent Ba3.} a6 (23... Bf8 $1 $11 24. Qc4 (24. Qxa7 Qd5 $11) 24... Kf7) 24. bxa6 $16 bxa6 25. Qc4 Qd6 26. Qc8+ Bf8 $1 27. Bc3 (27. d5 {looks sharper.} exd5 28. Bd4 Kf7 29. a5 Qe6 30. Qb7+) 27... Qb6 {Inhibits Ba5.} (27... Kf7 $1 $14) 28. a5 $36 {[%mdl 2048] White is really pushing.} Qd6 29. d5 $1 e5 30. Qe8 {White is more active.} Qe7 31. Qc6 Qd6 {[#]} 32. Qe8 (32. g4 $1 $16) 32... Qe7 $1 $14 33. Qc6 (33. Qa8 $14 Qd6 34. Qe8) 33... Qd6 $16 {[#]} 34. Qe8 {Weighted Error Value: White=0.09 (flawless) /Black=0.07 (flawless)} (34. g4 $1 $16) 1/2-1/2

[Event "Charity Cup MCCT Prel 2022"]
[Site "Online"]
[Date "2022.03.15"]
[Round "11.5"]
[White "Jones, Gawain C B"]
[Black "Ding, Liren"]
[Result "0-1"]
[WhiteElo "2671"]
[BlackElo "2799"]
[Annotator "TA"]
[PlyCount "80"]
[EventDate "2022.03.18"]
[EventType "tourn"]
[EventCountry "NET"]
[SourceTitle "playchess.com"]
[Source "ChessBase"]
[SourceQuality "1"]

{[%evp 9,80,20,6,0,23,12,20,3,3,3,-14,-28,-28,0,-8,-7,0,-28,0,-11,-10,0,0,-29,-33,-28,-28,-30,-27,-46,1,-45,-38,-51,-40,-44,-45,-49,-48,-44,-44,-66,-59,-190,-181,-279,-255,-345,-354,-354,-323,-2621,-2401,-2738,-2111,-2183,-2181,-1659,-482,-29953,-29960,-29958,-29961,-29975,-29965,-29960,-12797,-29981,-29982,-29982,-29983,-29983,-29984]} 1. e4 d6 2. d4 Nf6 3. Nc3 e5 4. Nf3 Nbd7 5. Rg1 c6 6. g4 {C41: Philidor Defence.} h6 7. Be3 {7.h4 injects fresh life into this line.} Be7 $5 {[%mdl 4] Exploring less charted territory.} 8. Qd2 {The position is equal.} exd4 9. Qxd4 {[#]} Qa5 $146 ({Predecessor:} 9... Qb6 10. Qd2 Qxb2 11. Rb1 Qa3 12. Rb3 Qa5 13. g5 hxg5 14. Rxg5 Nc5 15. Bxc5 dxc5 {0-1 (30) Kerigan,D (2262)-Klinova,M (2322) Denizli 2013}) 10. Be2 Ne5 11. h3 Be6 12. a3 Nfd7 13. Qd2 Nxf3+ 14. Bxf3 O-O-O 15. Be2 Bf6 16. f4 {Black must now prevent f5.} Bxc3 17. Qxc3 Qxc3+ 18. bxc3 {aiming for f5.} Rhe8 {[%cal Oe6d5]} 19. O-O-O {[#]} Nb6 (19... Bd5 $1 $15 20. Bxa7 (20. Bd4 Rxe4) 20... Rxe4) 20. f5 {[#]} (20. Bd3 $11 {was preferrable.}) 20... Bd5 $1 $15 21. Bd4 (21. Bxb6 axb6) 21... f6 $1 ({Much worse is} 21... Bxe4 22. Bxg7 Bxc2 23. Rde1 $11) ({Resist} 21... Rxe4 22. Bd3 $11) 22. exd5 Rxe2 23. Bxb6 axb6 {[%mdl 4096] Endgame KRR-KRR} 24. Rge1 Re5 25. c4 Kc7 26. Rxe5 {White does not recover from this.} (26. dxc6 $15 bxc6 27. Rxe5 dxe5 28. Rxd8 Kxd8 29. Kd1) 26... dxe5 {KR-KR} 27. Kb2 {[#]} (27. a4 $142) 27... b5 $1 $19 28. Kb3 bxc4+ 29. Kxc4 Rxd5 30. Rxd5 (30. Rh1) 30... cxd5+ 31. Kxd5 {KP-KP} Kb6 {Threatens to win with ...Kb5.} 32. Kc4 Ka5 33. Kb3 Kb5 {...Kc5 is the strong threat.} 34. Kc3 (34. c4+ $19 Kc5 35. Kc3) 34... Ka4 35. Kb2 e4 {[%cal Be5e4,Be4e3][%mdl 32]} 36. h4 e3 37. Kc3 Kxa3 {( -> ...b5)} 38. g5 b5 {Black mates.} 39. gxf6 gxf6 40. Kd3 Kb2 {Weighted Error Value: White=0.73/Black=0.03 (flawless)} 0-1

[Event "Charity Cup MCCT Prel 2022"]
[Site "Online"]
[Date "2022.03.15"]
[Round "11.6"]
[White "Le, Quang Liem"]
[Black "Hansen, Eric"]
[Result "1-0"]
[WhiteElo "2709"]
[BlackElo "2606"]
[Annotator "TA"]
[PlyCount "67"]
[EventDate "2022.03.18"]
[EventType "tourn"]
[EventCountry "NET"]
[SourceTitle "playchess.com"]
[Source "ChessBase"]
[SourceQuality "1"]

{[%evp 15,67,12,40,14,12,18,22,0,10,5,9,2,18,13,10,7,8,0,13,20,21,10,12,4,6,0,0,-8,33,33,33,27,60,47,56,56,57,29,19,31,43,43,163,154,352,343,416,432,405,405,513,505,517,518]} 1. Nf3 d5 2. d4 Nf6 3. c4 dxc4 4. e3 e6 5. Bxc4 a6 6. O-O c5 7. b3 Nbd7 8. Bb2 Be7 {The main line 8...Be7 scores better than 8...b5.} 9. Nbd2 {D27: Queen's Gambit Accepted: Classical main line: 7 e4!? and 7 a4.} O-O 10. Be2 b6 11. Nc4 {The position is equal.} Bb7 12. dxc5 Bxc5 13. Rc1 $1 Qe7 {[#]} 14. a3 $146 {[#] Hoping for b4.} ({Predecessor:} 14. Nd4 Rfc8 15. Bf3 Rab8 16. h3 h6 17. Qe2 Bd5 18. Rfd1 b5 19. Bxd5 Nxd5 20. Na5 Bxd4 21. Bxd4 {0-1 (77) Pech,S (1831)-Domingo Gadea,J (1952) FICGS email 2020}) 14... a5 {Prevents b4.} 15. Nd4 Rfd8 16. Bf3 Ne4 17. Qc2 Ndf6 18. Rfd1 Rac8 19. Nb5 h6 20. h3 Bd5 {[%cal Oa5a4]} 21. a4 Ng5 (21... Bb4 $11 {is more appropriate.}) 22. Bxd5 $14 exd5 23. Ne5 Qe6 {[%cal Oc5e3]} 24. Qe2 Qf5 $1 25. Nd3 Ne6 26. Qf3 (26. Nxc5 {is interesting.} bxc5 27. h4 Rd7 28. Qc2 Qh5 29. Bxf6 gxf6 30. Nd4) 26... Qxf3 27. gxf3 {[%cal Bg2f3,Bf3f4,Bf4f5][%mdl 32]} Ne8 28. f4 $36 {[%mdl 2048] Black is under pressure.} d4 (28... Nd6 $14) 29. f5 $18 dxe3 $2 {[#] Black cannot hold the game after this.} (29... Ng5 $16) 30. fxe6 e2 31. exf7+ Kxf7 32. Ne5+ Ke6 33. Re1 Rd2 34. Nc4 {Weighted Error Value: White=0.04 (flawless) /Black=0.32} 1-0

[Event "Charity Cup MCCT Prel 2022"]
[Site "Online"]
[Date "2022.03.15"]
[Round "11.7"]
[White "Ju, Wenjun"]
[Black "Harikrishna, Pentala"]
[Result "1/2-1/2"]
[WhiteElo "2560"]
[BlackElo "2719"]
[Annotator "TA"]
[PlyCount "57"]
[EventDate "2022.03.18"]
[EventType "tourn"]
[EventCountry "NET"]
[SourceTitle "playchess.com"]
[Source "ChessBase"]
[SourceQuality "1"]

{[%evp 9,57,23,36,26,34,36,41,20,19,14,37,9,3,11,20,0,6,-8,7,0,7,0,0,0,0,0,-7,0,26,0,6,0,0,0,33,0,4,0,0,0,0,0,0,0,0,0,0,0,0,0]} 1. d4 d5 2. c4 e6 3. Nf3 a6 4. cxd5 exd5 5. Nc3 c6 6. Bf4 {D31: Queen's Gambit Declined: Semi-Slav without ...Nf6 (+ Marshall Gambit and Noteboom) and Exchange Variation lines without ...Nf6.} (6. e4 {feels hotter.} dxe4 7. Ng5 h6 8. Ngxe4 Be6 9. Bd3) 6... Bd6 7. Bxd6 Qxd6 8. e3 {White is slightly better.} Ne7 9. Bd3 Bf5 (9... Bg4 {looks sharper.} 10. h3 Bh5 11. Qb3 b5 12. Be2 Nd7) 10. O-O Bxd3 11. Qxd3 O-O {[#]} 12. a3 $146 ({Predecessor:} 12. Rab1 Nd7 13. b4 Nf6 14. a4 Rfc8 15. Rfc1 h5 16. h3 Nd7 17. b5 cxb5 18. axb5 {0-1 (31) Gracia Alvarez,G (2237)-Bharath,S (2479) Chess.com INT 2021}) 12... Nd7 13. Rac1 a5 14. Na4 Qg6 15. Rfd1 {[%cal Bf1d1,Bd1d3,Bd3d4][%mdl 32]} Qxd3 16. Rxd3 f6 {Prevents Ne5.} 17. Nc5 Nxc5 18. dxc5 a4 19. Rd4 Ng6 20. Kf1 Ra5 21. e4 Ne7 22. exd5 Nxd5 {The position is equal.} 23. Nd2 f5 {Prevents Ne4.} 24. g3 Re8 25. Rcc4 Rb5 26. Rc2 Ra5 27. Rcc4 Rb5 28. Rc2 Ra5 29. Rcc4 {Weighted Error Value: White=0.09 (flawless) /Black=0.05 (flawless)} 1/2-1/2

[Event "Charity Cup MCCT Prel 2022"]
[Site "Online"]
[Date "2022.03.16"]
[Round "11.8"]
[White "Vidit, Santosh Gujrathi"]
[Black "Duda, Jan-Krzysztof"]
[Result "1-0"]
[WhiteElo "2727"]
[BlackElo "2760"]
[Annotator "TA"]
[PlyCount "69"]
[EventDate "2022.03.18"]
[EventType "tourn"]
[EventCountry "NET"]
[SourceTitle "playchess.com"]
[Source "ChessBase"]
[SourceQuality "1"]

{[%evp 19,69,0,0,0,0,0,22,16,46,36,48,39,64,55,58,54,53,46,59,60,65,67,66,60,128,12,11,1,113,107,175,160,148,166,186,146,221,214,225,216,221,231,206,206,386,365,646,633,643,633,588,617]} 1. d4 d5 2. c4 c6 3. cxd5 cxd5 4. Bf4 Nf6 5. Nc3 Nc6 6. e3 Bf5 7. Nf3 e6 8. Bb5 Nd7 9. O-O Rc8 10. Rc1 Be7 11. Na4 {D14: Slav Defence: Exchange variation with ...Bf5.} g5 12. Be5 f6 13. Bg3 {The position is equal.} h5 {[#] Strongly threatening ...h4.} 14. h4 $1 g4 {[#]} 15. Nd2 $146 ({Predecessor:} 15. Ne1 Kf7 16. Be2 a6 17. Bd3 Bxd3 18. Nxd3 f5 19. Nac5 Nxc5 20. Nxc5 Bxc5 21. Rxc5 {½-½ (59) Barp,A (2374)-Sebenik,M (2498) Bassano del Grappa 2020}) 15... Qa5 16. Nc3 {[%cal Ba4c3,Bc3b5,Bb5d6][%mdl 32]} Kf7 17. Be2 Bg6 18. Nb3 Qd8 19. f3 f5 20. Qe1 Kg7 21. Nb5 Qf8 (21... Re8 $14) 22. Nc5 {White is more active.} (22. e4 $16) 22... Nxc5 $11 23. dxc5 {next Nd6 is good for White.} Qf6 (23... gxf3 $1 $11 24. Bxf3 Bf6) 24. Nd6 $16 Rcf8 (24... gxf3 $16 25. Bxf3 Rb8) 25. b4 gxf3 26. Bxf3 Ne5 27. Qc3 {Prevents Nd3.} ({Much less strong is} 27. Nxb7 $6 Nd3 28. Qd2 Nxc1 29. Rxc1 Rc8 $14) 27... f4 (27... Nxf3+ $16 28. gxf3 Qxc3 29. Rxc3 Rb8) 28. Bxf4 $18 ({Resist} 28. exf4 $6 Nxf3+ 29. Qxf3 Kg8 $16) 28... Nd3 29. Bg5 {Dancing on a razor blade.} Qxc3 30. Rxc3 Bxg5 31. hxg5 {Black must now prevent Be2.} Rh7 $2 (31... Rb8 32. Be2 Nxb4) 32. b5 {[%cal Bb4b5,Bb5c6][%mdl 32] [#] Threatens to win with c6.} Kg8 $2 (32... Ne5 33. c6 (33. Nxb7 Bd3 $16) 33... bxc6 34. bxc6 Nc4) 33. c6 {White is clearly winning.} bxc6 34. bxc6 Rc7 35. Nb5 {Weighted Error Value: White=0.14 (very precise) /Black=0.42} 1-0

[Event "Charity Cup MCCT Prel 2022"]
[Site "Online"]
[Date "2022.03.16"]
[Round "12.1"]
[White "Niemann, Hans Moke"]
[Black "Duda, Jan-Krzysztof"]
[Result "0-1"]
[WhiteElo "2642"]
[BlackElo "2760"]
[Annotator "TA"]
[PlyCount "92"]
[EventDate "2022.03.18"]
[EventType "tourn"]
[EventCountry "NET"]
[SourceTitle "playchess.com"]
[Source "ChessBase"]
[SourceQuality "1"]

{[%evp 10,92,25,16,29,11,18,20,25,20,45,5,6,11,14,8,18,-6,-4,-2,0,-20,0,-29,-18,-70,-27,-35,-15,-43,-31,-56,-59,-64,-58,-65,-75,-75,-61,-82,-82,-106,-87,-87,-87,-92,-75,-80,152,-133,-80,-81,-81,-79,-79,-113,-120,-120,-113,-123,-106,-113,-121,-117,-75,-132,-89,-179,-164,-210,-204,-443,-457,-421,-400,-462,-456,-548,-443,-821,-818,-1737,-1697,-29980,-29981]} 1. c4 e6 2. Nc3 Nf6 3. e4 d5 4. e5 d4 5. exf6 dxc3 6. bxc3 Qxf6 {A18: English Opening: Flohr-Mikenas System (1 c4 Nf6 2 Nc3 e6 3 e4).} 7. Bd3 Bd6 8. Nf3 O-O {The position is equal.} 9. Be4 e5 {[#]} 10. Qc2 $146 ({Predecessor:} 10. O-O Nc6 11. d4 h6 12. h3 Bf5 13. Re1 Rfe8 14. Bxf5 Qxf5 15. Be3 Rad8 16. Qb1 Qc8 {0-1 (55) Samaganova,A (1917)-Golizadeh,A (2455) Chess.com INT 2022}) 10... h6 11. O-O c5 {Prevents d4.} 12. Rb1 Nc6 13. d3 Rb8 14. Re1 Bf5 15. Qe2 Bxe4 16. Qxe4 Bc7 17. g4 (17. Ba3 $11) 17... Rfd8 (17... b6 $15) 18. Be3 b6 19. Rbd1 Rd6 20. g5 hxg5 21. Bxg5 Qg6 22. Qxg6 Rxg6 23. Kf1 Rf8 24. Ke2 Re6 25. Rg1 e4 26. dxe4 Rxe4+ 27. Kd3 Rfe8 28. h4 f6 $2 {Black is much more active.} (28... Re2 $17 {stays on course.} 29. Rde1 Rxe1 30. Rxe1 Rxe1 31. Nxe1 f6) 29. Be3 (29. Bxf6 $1 $16 {is necessary to keep the advantage.} Bd8 30. Rxg7+ Kf8 31. Ng5 $1 (31. Rg6 Rf4 $11) 31... Rxh4 32. Rf7+ Kg8 33. Kc2 Bxf6 34. Rxf6) 29... Kh7 (29... Na5 $142 30. Rg6 Rd8+ 31. Kxe4 Rxd1) 30. h5 $17 Na5 {Really sharp!} 31. Nd2 R4e7 32. Rg2 f5 $36 {[%mdl 2048] White must now prevent ...Rd7+. White is under strong pressure.} 33. Nf3 Rd8+ 34. Kc2 Rxd1 35. Kxd1 Nxc4 36. Bc1 Be5 (36... Ne5 $142 37. Nxe5 Bxe5) 37. Bg5 (37. Nxe5 $142 Nxe5 38. Rg5) 37... Re6 (37... Re8 $142 $1 38. Kc2 b5) 38. Kc2 {[#]} (38. Bc1 $17 {keeps fighting.} Re8 39. Nxe5 Rxe5 40. Rg5) 38... b5 $1 $19 39. Nh4 (39. Nxe5 $142 Rxe5 40. Kd1) 39... Ra6 40. Nxf5 $2 (40. Kb1) 40... Rxa2+ 41. Kd3 a5 42. h6 g6 43. Ne7 Nd6 44. Nxg6 (44. Bc1 $142 c4+ 45. Ke3 Nf5+ 46. Ke4 Re2+ 47. Kf3) 44... Kxg6 ({And not} 44... c4+ 45. Ke3 Kxg6 46. Bf4+ Kf7 47. Bxe5 Nf5+ 48. Ke4 Nxh6 49. Rg7+ Ke8 50. Rb7 $11) 45. Bf4+ {[#]} Kf5 $1 46. Bxe5 Nc4 {Weighted Error Value: White=0.70/Black=0.20 (precise)} (46... Kxe5 $2 47. f4+ Kf6 48. Rxa2 $18) 0-1

[Event "Charity Cup MCCT Prel 2022"]
[Site "Online"]
[Date "2022.03.15"]
[Round "12.2"]
[White "Harikrishna, Pentala"]
[Black "Vidit, Santosh Gujrathi"]
[Result "1/2-1/2"]
[WhiteElo "2719"]
[BlackElo "2727"]
[Annotator "TA"]
[PlyCount "120"]
[EventDate "2022.03.18"]
[EventType "tourn"]
[EventCountry "NET"]
[SourceTitle "playchess.com"]
[Source "ChessBase"]
[SourceQuality "1"]

{[%evp 9,120,0,8,9,16,18,12,11,13,10,24,8,23,18,33,33,28,21,23,18,68,68,69,67,64,63,65,81,77,50,54,54,52,50,65,66,66,52,46,42,44,53,60,6,6,6,18,0,0,0,0,0,0,0,0,0,0,0,0,0,16,14,14,12,14,11,11,12,18,14,19,12,8,0,0,0,0,0,0,0,0,0,0,0,0,0,8,8,8,8,8,0,0,0,0,0,0,0,0,0,8,8,8,8,8,0,0,0,0,0,0,0,0]} 1. d4 Nf6 2. Nf3 d5 3. Bf4 c5 4. e3 e6 5. c3 Bd6 6. Bb5+ {D02: 1 d4 d5 2 Nf3 sidelines, including 2...Nf6 3 g3 and 2...Nf6 3 Bf4.} Nc6 7. Bxc6+ $1 {[%mdl 4] is now more promising than 7.Ne5.} bxc6 8. Bxd6 Qxd6 9. Qa4 O-O 10. Qa3 Ne4 11. Nfd2 e5 12. Nxe4 dxe4 13. Qxc5 Qg6 14. Nd2 exd4 (14... Qxg2 $11 15. O-O-O Qxf2) 15. Qxd4 $14 {[#]} Bf5 $146 ({Predecessor:} 15... Re8 16. O-O-O Ba6 17. c4 Qe6 18. Qc5 Rad8 19. b3 Bc8 20. Nb1 Qf6 21. Qa5 h5 {½-½ (30) Sevian,S (2654)-So,W (2778) Saint Louis 2021}) 16. O-O-O Rad8 17. Qe5 Rd5 18. Qg3 Bg4 {[#]} 19. f3 $1 exf3 20. gxf3 Bh5 21. Qxg6 fxg6 22. Rhf1 $1 Rdf5 23. e4 {[%cal Be3e4,Be4e5][%mdl 32]} Rf4 24. e5 g5 {[%cal Rh5f3]} 25. e6 Re8 26. Rde1 ({Better is} 26. Rfe1 $14) 26... Rf6 $1 $11 {The position is equal.} 27. e7 {Threatening Re5.} Rf7 28. Rf2 Rfxe7 29. Rxe7 Rxe7 {[%mdl 4096] Endgame KRB-KRN} 30. b4 Re3 31. Kb2 h6 32. a4 Kf8 33. b5 cxb5 34. axb5 Ke7 35. Kb3 Kd7 36. Kb4 Kc7 $1 37. c4 a6 $1 38. bxa6 {Threatens to win with Ne4.} Re6 39. a7 Kb7 40. c5 Kxa7 41. Nc4 Kb7 42. Nd6+ Kc6 43. f4 Re1 44. fxg5 Rb1+ 45. Kc4 Rc1+ 46. Kd4 Rxc5 {[#] White must now prevent ...Rd5+.} 47. Nf5 Rd5+ 48. Ke3 Kd7 {Prevents Ne7.} 49. gxh6 gxh6 50. Nxh6 Ke6 51. h4 Ra5 52. Kf4 Kf6 53. Kg3+ Kg6 54. Nf7 Rf5 55. Rxf5 Kxf5 {KB-KN} 56. Ng5 Ke5 57. Nf3+ Bxf3 58. Kxf3 Kf5 59. h5 Kg5 60. h6 Kxh6 {Weighted Error Value: White=0.03 (flawless) /Black=0.02 (flawless)} 1/2-1/2